000 00652nam a22002417a 4500
001 BR9509418
003 BR-BrBNA
005 20230928094759.0
007 ta
008 230509b bl.||||| |||| 00| 0 por d
040 _aBR-BrBNA
_bpor
_cBiblioteca Nacional de Agricultura
041 _a(Por)
072 _aE80
_b0336
090 _ 0336 BR9509418
110 1 _aGoverno do Estado de Mato Grosso do Sul, Campo Grande (Brasil)
_95288
245 1 _aSoja na alimentacao da familia
260 3 _aCampo Grande, MS (Brasil):
_c[nd].
300 _a5 p.
650 _aSoja
650 _aCulinaria
909 _a202309
_bLucia
_c55
_dLucia Elande
942 _cBK
999 _c52605
_d52605